<?xml version="1.0" encoding="UTF-8"?>
<record
    xmlns:xsi="http://www.w3.org/2001/XMLSchema-instance"
    xsi:schemaLocation="http://www.loc.gov/MARC21/slim http://www.loc.gov/standards/marcxml/schema/MARC21slim.xsd"
    xmlns="http://www.loc.gov/MARC21/slim">

  <leader>03534nas1a22003971i 4500</leader>
  <controlfield tag="001">RU\NLR\INFOCOMM16\1000028779</controlfield>
  <controlfield tag="005">20260407025605.0</controlfield>
  <datafield tag="035" ind1=" " ind2=" ">
    <subfield code="a">(NLR Aleph) 002713768</subfield>
  </datafield>
  <datafield tag="090" ind1=" " ind2=" ">
    <subfield code="a">1811039</subfield>
    <subfield code="c">1811039</subfield>
  </datafield>
  <datafield tag="100" ind1=" " ind2=" ">
    <subfield code="a">20040217c1969    |||y0rusy50      ca</subfield>
  </datafield>
  <datafield tag="101" ind1="0" ind2=" ">
    <subfield code="a">rus</subfield>
  </datafield>
  <datafield tag="102" ind1=" " ind2=" ">
    <subfield code="a">RU</subfield>
  </datafield>
  <datafield tag="110" ind1=" " ind2=" ">
    <subfield code="a">zyu||||0|y0</subfield>
  </datafield>
  <datafield tag="200" ind1="1" ind2=" ">
    <subfield code="a">&#x410;&#x43D;&#x43D;&#x43E;&#x442;&#x430;&#x446;&#x438;&#x438; &#x43F;&#x440;&#x43E;&#x435;&#x43A;&#x442;&#x43D;&#x44B;&#x445; &#x440;&#x430;&#x431;&#x43E;&#x442;, &#x432;&#x44B;&#x43F;&#x43E;&#x43B;&#x43D;&#x435;&#x43D;&#x43D;&#x44B;&#x445; &#x438;&#x43D;&#x441;&#x442;&#x438;&#x442;&#x443;&#x442;&#x43E;&#x43C;</subfield>
    <subfield code="f">&#x41C;-&#x432;&#x43E; &#x43C;&#x43E;&#x43D;&#x442;&#x430;&#x436;. &#x438; &#x441;&#x43F;&#x435;&#x446;. &#x441;&#x442;&#x440;&#x43E;&#x438;&#x442;. &#x440;&#x430;&#x431;&#x43E;&#x442; &#x421;&#x421;&#x421;&#x420;. &#x413;&#x43B;&#x430;&#x432;&#x43D;&#x435;&#x444;&#x442;&#x435;&#x43C;&#x43E;&#x43D;&#x442;&#x430;&#x436;. &#x413;&#x438;&#x43F;&#x440;&#x43E;&#x43D;&#x435;&#x444;&#x442;&#x435;&#x441;&#x43F;&#x435;&#x446;&#x43C;&#x43E;&#x43D;&#x442;&#x430;&#x436;. &#x426;&#x411;&#x41D;&#x422;&#x418;</subfield>
  </datafield>
  <datafield tag="210" ind1=" " ind2=" ">
    <subfield code="a">&#x41C;.</subfield>
    <subfield code="d">1969-</subfield>
  </datafield>
  <datafield tag="430" ind1=" " ind2="0">
    <subfield code="1">2001#$a&#x421;&#x431;&#x43E;&#x440;&#x43D;&#x438;&#x43A; &#x430;&#x43D;&#x43D;&#x43E;&#x442;&#x430;&#x446;&#x438;&#x439; &#x43F;&#x440;&#x43E;&#x435;&#x43A;&#x442;&#x43D;&#x44B;&#x445; &#x43C;&#x430;&#x442;&#x435;&#x440;&#x438;&#x430;&#x43B;&#x43E;&#x432;</subfield>
    <subfield code="t">&#x421;&#x431;&#x43E;&#x440;&#x43D;&#x438;&#x43A; &#x430;&#x43D;&#x43D;&#x43E;&#x442;&#x430;&#x446;&#x438;&#x439; &#x43F;&#x440;&#x43E;&#x435;&#x43A;&#x442;&#x43D;&#x44B;&#x445; &#x43C;&#x430;&#x442;&#x435;&#x440;&#x438;&#x430;&#x43B;&#x43E;&#x432;</subfield>
  </datafield>
  <datafield tag="430" ind1=" " ind2="0">
    <subfield code="1">2001#$a&#x410;&#x43D;&#x43D;&#x43E;&#x442;&#x430;&#x446;&#x438;&#x438; &#x43F;&#x440;&#x43E;&#x435;&#x43A;&#x442;&#x43D;&#x44B;&#x445; &#x440;&#x430;&#x431;&#x43E;&#x442;, &#x432;&#x44B;&#x43F;&#x43E;&#x43B;&#x43D;&#x435;&#x43D;&#x43D;&#x44B;&#x445; &#x438;&#x43D;&#x441;&#x442;&#x438;&#x442;&#x443;&#x442;&#x43E;&#x43C; &#x413;&#x438;&#x43F;&#x440;&#x43E;&#x43D;&#x435;&#x444;&#x442;&#x435;&#x441;&#x43F;&#x435;&#x446;&#x43C;&#x43E;&#x43D;&#x442;&#x430;&#x436;</subfield>
    <subfield code="t">&#x410;&#x43D;&#x43D;&#x43E;&#x442;&#x430;&#x446;&#x438;&#x438; &#x43F;&#x440;&#x43E;&#x435;&#x43A;&#x442;&#x43D;&#x44B;&#x445; &#x440;&#x430;&#x431;&#x43E;&#x442;, &#x432;&#x44B;&#x43F;&#x43E;&#x43B;&#x43D;&#x435;&#x43D;&#x43D;&#x44B;&#x445; &#x438;&#x43D;&#x441;&#x442;&#x438;&#x442;&#x443;&#x442;&#x43E;&#x43C; &#x413;&#x438;&#x43F;&#x440;&#x43E;&#x43D;&#x435;&#x444;&#x442;&#x435;&#x441;&#x43F;&#x435;&#x446;&#x43C;&#x43E;&#x43D;&#x442;&#x430;&#x436;</subfield>
  </datafield>
  <datafield tag="440" ind1=" " ind2="0">
    <subfield code="1">2001#$a&#x410;&#x43D;&#x43D;&#x43E;&#x442;&#x430;&#x446;&#x438;&#x438; &#x43F;&#x440;&#x43E;&#x435;&#x43A;&#x442;&#x43D;&#x44B;&#x445; &#x440;&#x430;&#x431;&#x43E;&#x442;, &#x432;&#x44B;&#x43F;&#x43E;&#x43B;&#x43D;&#x435;&#x43D;&#x43D;&#x44B;&#x445;</subfield>
    <subfield code="t">&#x410;&#x43D;&#x43D;&#x43E;&#x442;&#x430;&#x446;&#x438;&#x438; &#x43F;&#x440;&#x43E;&#x435;&#x43A;&#x442;&#x43D;&#x44B;&#x445; &#x440;&#x430;&#x431;&#x43E;&#x442;, &#x432;&#x44B;&#x43F;&#x43E;&#x43B;&#x43D;&#x435;&#x43D;&#x43D;&#x44B;&#x445;</subfield>
  </datafield>
  <datafield tag="710" ind1="0" ind2="2">
    <subfield code="a">"&#x413;&#x438;&#x43F;&#x440;&#x43E;&#x43D;&#x435;&#x444;&#x442;&#x435;&#x441;&#x43F;&#x435;&#x446;&#x43C;&#x43E;&#x43D;&#x442;&#x430;&#x436;", &#x438;&#x43D;&#x441;&#x442;&#x438;&#x442;&#x443;&#x442;</subfield>
    <subfield code="c">&#x41C;&#x43E;&#x441;&#x43A;&#x432;&#x430;</subfield>
    <subfield code="3">RU\NLR\AUTH\8810011397</subfield>
    <subfield code="9">520502</subfield>
  </datafield>
  <datafield tag="801" ind1=" " ind2="1">
    <subfield code="a">RU</subfield>
    <subfield code="b">InfoComm</subfield>
    <subfield code="c">20040217</subfield>
  </datafield>
  <datafield tag="801" ind1=" " ind2="0">
    <subfield code="a">RU</subfield>
    <subfield code="b">NLR</subfield>
    <subfield code="g">PSBO</subfield>
  </datafield>
  <datafield tag="852" ind1=" " ind2=" ">
    <subfield code="a">NLR</subfield>
    <subfield code="j">&#x41F;10/3858</subfield>
  </datafield>
  <datafield tag="942" ind1=" " ind2=" ">
    <subfield code="c">SE</subfield>
  </datafield>
  <datafield tag="980" ind1=" " ind2=" ">
    <subfield code="a">RUSPER</subfield>
  </datafield>
</record>
